Gaming Quiz

Random Gaming or Mario Quiz

Mario Powers Quiz Stats

 Plays Quiz not verified by Sporcle

Support Sporcle.
Go Orange.
Score 0/33 Timer 06:00
0 Plays Today
First Appeared Item % Correct
Super Mario Bros.Fire Flower
92.7%
Super Mario Bros.Super Mushroom
91.7%
Super Mario Bros.1-up Mushroom
75.7%
Super Mario Bros. 3Frog Suit
58.6%
Super Mario Bros.Starman
58.3%
Super Mario Bros. 2 (JP)Poison Mushroom
57.1%
Super Mario Bros. 3Tanuki Suit
51.6%
Super Mario WorldFeather
50.5%
Super Mario Bros. 3Super Leaf
48.4%
Super Mario GalaxyIce Flower
48.1%
New Super Mario Bros.Mega Mushroom
46.7%
Super Mario Bros. 3Hammer Suit
46.5%
Super Mario 64Wing Cap
44.3%
Super Mario SunshineF.L.U.D.D.
44.2%
Super Mario 64Metal Cap
43.4%
Super Mario GalaxyBoo Mushroom
39.6%
Super Mario GalaxyBee Mushroom
38.7%
First Appeared Item % Correct
Super Mario Bros. 3P-Wing
38.2%
Super Mario Bros. 2 (US)Heart
36.4%
New Super Mario Bros.Mini Mushroom
35.9%
Super Mario GalaxySpring Mushroom
34.2%
New Super Mario Bros.Blue Shell
31.8%
Super Mario 64Vanish Cap
31.1%
Super Mario World3-up Moon
30.6%
Super Mario WorldPower Balloon
30.5%
New Super Mario Bros. WiiPenguin Suit
29.8%
Super Mario GalaxyRainbow Star
29.6%
Super Mario GalaxyRed Star
29.3%
Super Mario Bros. 3Kuribo's Shoe
20.7%
New Super Mario Bros. WiiPropeller Mushroom
20.5%
Super Mario Galaxy 2Rock Mario
12.8%
Super Mario Galaxy 2Spin Drill
11.2%
Super Mario Galaxy 2Cloud Mario
10.6%

You're not logged in!

Compare scores with friends on all Sporcle quizzes.
OR
Log In

From the Vault

Downton Abbey Character Click

by Nietos

You probably won't be able to find them downtown, though.
Remove Ads.
Support Sporcle.
Get the best of Sporcle when you Go Orange. This ad-free experience offers more features, more stats, and more fun while also helping to support Sporcle. Thank you for becoming a member.

Show Comments

Extras

Created Oct 2, 2009ReportNominate
Tags:Mario Quiz, Gained, item, major, Power

Top Quizzes Today


Score Distribution

Your Account Isn't Verified!

In order to create a playlist on Sporcle, you need to verify the email address you used during registration. Go to your Sporcle Settings to finish the process.

Report this User

Report this user for behavior that violates our Community Guidelines.

Details: